A first course in linear algebra / (Record no. 182156)
[ view plain ]
| 000 -LEADER | |
|---|---|
| fixed length control field | 00818 a2200217 4500 |
| 003 - CONTROL NUMBER IDENTIFIER | |
| control field | NUST |
| 005 - DATE AND TIME OF LATEST TRANSACTION | |
| control field | 20221114144749.0 |
| 010 ## - LIBRARY OF CONGRESS CONTROL NUMBER | |
| LC control number | 91037218 |
| 020 ## - INTERNATIONAL STANDARD BOOK NUMBER | |
| International Standard Book Number | 067338392X |
| 040 ## - CATALOGING SOURCE | |
| Transcribing agency | Nust |
| 082 00 - DEWEY DECIMAL CLASSIFICATION NUMBER | |
| Classification number | 512.5,MOO |
| 100 1# - MAIN ENTRY--PERSONAL NAME | |
| Personal name | Moore, Hal G., |
| 9 (RLIN) | 102588 |
| 245 12 - TITLE STATEMENT | |
| Title | A first course in linear algebra / |
| Statement of responsibility, etc. | Hal G. Moore, Adil Yaqub. |
| 250 ## - EDITION STATEMENT | |
| Edition statement | 2nd ed. |
| 260 ## - PUBLICATION, DISTRIBUTION, ETC. | |
| Place of publication, distribution, etc. | New York, NY : |
| Name of publisher, distributor, etc. | HarperCollins, |
| Date of publication, distribution, etc. | 1992. |
| 300 ## - PHYSICAL DESCRIPTION | |
| Extent | xv, 491, 56, 4 p. : |
| Other physical details | ill. ; |
| Dimensions | 25 cm. |
| 505 ## - FORMATTED CONTENTS NOTE | |
| Formatted contents note | Systems of Linear Equations and Matrices (Page-1), Determinants (Page-102), Vector Spaces (Page-148), Liner Product Spaces (Page-212), Linear Transformation (Page-296), Eigen values Eigenvectors and Some Application (Page-374). |
| 650 #0 - SUBJECT ADDED ENTRY--TOPICAL TERM | |
| Topical term or geographic name entry element | Algebras, Linear. |
| 9 (RLIN) | 10720 |
| 700 1# - ADDED ENTRY--PERSONAL NAME | |
| Personal name | Yaqub, Adil, |
| Dates associated with a name | 1928- |
| 9 (RLIN) | 102589 |
| 942 ## - ADDED ENTRY ELEMENTS (KOHA) | |
| Source of classification or shelving scheme | |
| Koha item type | Book |
| Call number prefix | 512.5,MOO |
| Withdrawn status | Lost status | Source of classification or shelving scheme | Damaged status | Not for loan | Permanent Location | Current Location | Shelving location | Date acquired | Full call number | Barcode | Date last seen | Price effective from | Koha item type | Public note |
|---|---|---|---|---|---|---|---|---|---|---|---|---|---|---|
| Military College of Signals (MCS) | Military College of Signals (MCS) | General Stacks | 12/12/2016 | 512.5,MOO | MCS7120 | 12/08/2016 | 12/12/2016 | Book | Almirah No.11, Shelf No.3 |
